Сущность оценки экономического и социального благополучия населения; Непрерывное благополучие в мире

Bibliografiske detaljer
Parent link:Непрерывное благополучие в мире.— 2016.— [С. 142-146]
Hovedforfatter: Тимофеева Я. И.
Institution som forfatter: Национальный исследовательский Томский политехнический университет (ТПУ) Институт социально-гуманитарных технологий (ИСГТ) Кафедра экономики (ЭКОН)
Andre forfattere: Золотарева Г. А. Галина Алексеевна (научный руководитель)
Summary:Заглавие с титульного экрана
Статья посвящена анализу методик, с помощью которых можно определить благополучие человека. Приведена система обобщающих показателей оказывающие влияние на качество жизни населения. Выявлены наиболее часто встречающиеся факторы, определяющие уровень жизни населения. Произведен сравнительный анализ методик оценки качества жизни населения. Выявлены достоинства и недостатки способов оценки благополучия населения.
Sprog:russisk
Udgivet: 2016
Fag:
Online adgang:http://earchive.tpu.ru/handle/11683/35955
Format: Electronisk Book Chapter
KOHA link:https://koha.lib.tpu.ru/cgi-bin/koha/opac-detail.pl?biblionumber=621503

MARC

LEADER 00000naa2a2200000 4500
001 621503
005 20231101133150.0
035 |a (RuTPU)RU\TPU\conf\20119 
035 |a RU\TPU\conf\20118 
090 |a 621503 
100 |a 20170110d2016 k y0rusy50 ca 
101 0 |a rus 
102 |a RU 
105 |a y z 101zy 
135 |a drgn ---uucaa 
181 0 |a i  
182 0 |a b 
200 1 |a Сущность оценки экономического и социального благополучия населения  |f Я. И. Тимофеева, Г. А. Золотарева  |g науч. рук. Г. А. Золотарева 
203 |a Текст  |c электронный 
230 |a 1 компьютерный файл (pdf; 436 Kb) 
300 |a Заглавие с титульного экрана 
320 |a [Библиогр.: с. 146 (9 назв.)] 
330 |a Статья посвящена анализу методик, с помощью которых можно определить благополучие человека. Приведена система обобщающих показателей оказывающие влияние на качество жизни населения. Выявлены наиболее часто встречающиеся факторы, определяющие уровень жизни населения. Произведен сравнительный анализ методик оценки качества жизни населения. Выявлены достоинства и недостатки способов оценки благополучия населения. 
463 1 |0 (RuTPU)RU\TPU\conf\20057  |t Непрерывное благополучие в мире  |l Lifelong Wellbeing In The World  |o сборник научных трудов Международного научного симпозиума, г. Томск, 11-16 сентября 2016 г.  |f Национальный исследовательский Томский политехнический университет (ТПУ) ; под ред. Г. А. Барышевой [и др.]  |v [С. 142-146]  |d 2016 
610 1 |a труды учёных ТПУ 
610 1 |a электронные ресурсы 
610 1 |a благополучие 
610 1 |a качество жизни 
610 1 |a население 
610 1 |a социальные показатели 
610 1 |a сравнительный анализ 
700 1 |a Тимофеева  |b Я. И. 
701 1 |a Золотарева  |b Г. А.  |c экономист  |c доцент Томского политехнического университета, кандидат экономических наук  |f 1957-  |g Галина Алексеевна  |2 stltpush  |3 (RuTPU)RU\TPU\pers\29064 
702 1 |a Золотарева  |b Г. А.  |c экономист  |c доцент Томского политехнического университета, кандидат экономических наук  |f 1957-  |g Галина Алексеевна  |2 stltpush  |4 727 
712 0 2 |a Национальный исследовательский Томский политехнический университет (ТПУ)  |b Институт социально-гуманитарных технологий (ИСГТ)  |b Кафедра экономики (ЭКОН)  |h 149  |2 stltpush  |3 (RuTPU)RU\TPU\col\18375 
801 2 |a RU  |b 63413507  |c 20170112  |g RCR 
856 4 |u http://earchive.tpu.ru/handle/11683/35955 
942 |c BK